000 00590nam a22002177a 4500
001 BD-DhSAU 1985
003 BD-DhSAU
005 20150122140209.0
008 150122b1984 ii a||||r|||| 001 0 eng d
020 _a0074518216
040 _aBD-DhSAU
082 _222
_a539
_bPAE
100 _aPatil, S H
245 _aElements of modern physics
_cS H Patil
260 _aNew Delhi :
_bTata McGraw-Hill Publishing Company ,
_cc1984.
300 _axi, 402 p. :
_bill. ;
_c23 cm.
504 _aIncludes index.
590 _ajoy
650 _aAgricultural Engineering.
650 _aModern physics.
942 _2ddc
_cBOOK
999 _c1985
_d1985